000 00521nam a2200205 4500
003 OSt
005 20241102121459.0
008 151209b xxu||||| |||| 00| 0 eng d
020 _a9780131364837
040 _c040
082 _a005.13 DEI 2010
100 _aDeitel, Paul; Deitel, Harvey
_95531
245 _aJava: how to program
250 _a8th.ed
260 _aNew Jersey;
_bPearson,
_c2010
300 _axlii, 1506p;
_bCol.ill :
_c12cm.
504 _aincludes index
650 _aJava
_93699
942 _2ddc
_cSLOAN
999 _c2850
_d2850